| 000 | 01188cam a2200301 a 4500 | ||
|---|---|---|---|
| 999 |
_c18085 _d18085 |
||
| 001 | 4925103 | ||
| 005 | 20161202125606.0 | ||
| 008 | 950515s1996 nyua b 001 0 eng | ||
| 010 | _a 95020972 | ||
| 020 | _a041512767X | ||
| 020 | _z0415127689 (pbk.) | ||
| 040 |
_aDLC _cDLC _dDLC |
||
| 050 | 0 | 0 |
_aNX180.S6 _bP443 1996 |
| 245 | 0 | 0 |
_aPerformance and cultural politics / _cedited by Elin Diamond. |
| 260 |
_aLondon ; _aNew York : _bRoutledge, _c1996. |
||
| 300 |
_ax, 294 p. : _bill. ; _c24 cm. |
||
| 504 | _aIncludes bibliographical references and index. | ||
| 650 | 0 | _aPerformance art. | |
| 650 | 0 |
_aArts and society _xHistory _y20th century. |
|
| 700 | 1 | _aDiamond, Elin. | |
| 942 |
_2lcc _cBOOKS _hNX180.S6 P443 1996 |
||